[Event "GBR-ch blitz"]
[Site "Birmingham"]
[Date "2019.11.16"]
[Round "5"]
[White "Turner, Matthew"]
[Black "Arkell, Keith C"]
[Result "1/2-1/2"]
[WhiteElo "2534"]
[BlackElo "2464"]
[PlyCount "122"]
[EventDate "2019.11.16"]
[EventType "tourn (blitz)"]
[EventRounds "15"]
[EventCountry "ENG"]
[EventCategory "5"]
[SourceTitle "BritBase"]
[Source "John Saunders"]
[SourceDate "2024.03.28"]
[SourceVersion "1"]
[SourceVersionDate "2024.03.28"]
[SourceQuality "1"]

1. d4 d5 2. Nc3 Bf5 3. Bf4 e6 4. e3 Bd6 5. Bg3 Nf6 6. Bd3 Bxd3 7. Qxd3 O-O 8.
Nf3 c5 9. O-O Bxg3 10. hxg3 cxd4 11. Nxd4 Nc6 12. Nxc6 bxc6 13. b3 Qc7 14. Rac1
Qe5 15. Ne2 Qh5 16. f3 a5 17. a4 Qe5 18. Kf2 c5 19. Rh1 g6 20. Rh4 Rab8 21. Qc3
Qxc3 22. Nxc3 Rb4 23. Rch1 h5 24. Rf4 Kg7 25. Nb5 g5 26. Rxb4 cxb4 27. c3 bxc3
28. Nxc3 Rc8 29. Rc1 Nd7 30. Ne2 Rxc1 31. Nxc1 Nc5 32. Ke2 e5 33. Nd3 Nxb3 34.
Nxe5 Nc5 35. Nc6 Nxa4 36. Nxa5 Kf6 37. Kd3 Ke5 38. Nc6+ Kd6 39. Nd8 Ke7 40. Nb7
Nb6 41. Kd4 Ke6 42. Nd8+ Ke7 43. Nc6+ Kd6 44. Nb4 h4 45. gxh4 gxh4 46. f4 Ke6
47. Nd3 Kf5 48. Nf2 Ke6 49. Nh3 Kf5 50. Ng5 f6 51. Nf3 Kg4 52. Ne1 Kg3 53. e4
dxe4 54. Kxe4 Kf2 55. Nf3 Kxg2 56. Nxh4+ Kg3 57. Nf5+ Kg4 58. Ne3+ Kg3 59. Kf5
Kf3 60. Ng4 Nd5 61. Nxf6 Nxf4 1/2-1/2

[Event "GBR-ch blitz"]
[Site "Birmingham"]
[Date "2019.11.16"]
[Round "6"]
[White "Adair, James R"]
[Black "D'Costa, Lorin AR"]
[Result "0-1"]
[WhiteElo "2484"]
[BlackElo "2370"]
[PlyCount "50"]
[EventDate "2019.11.16"]
[EventType "tourn (blitz)"]
[EventRounds "15"]
[EventCountry "ENG"]
[EventCategory "5"]
[SourceTitle "BritBase"]
[Source "John Saunders"]
[SourceDate "2024.03.28"]
[SourceVersion "1"]
[SourceVersionDate "2024.03.28"]
[SourceQuality "1"]

1. e4 c5 2. Nf3 d6 3. d4 cxd4 4. Nxd4 Nf6 5. Nc3 a6 6. g3 e6 7. Bg2 Be7 8. Be3
Qc7 9. g4 Nc6 10. g5 Nd7 11. h4 Nde5 12. Nxc6 bxc6 13. b3 c5 14. f4 Nc6 15. O-O
Bb7 16. Qd2 h6 17. Qf2 hxg5 18. hxg5 g6 19. Na4 O-O-O 20. c3 e5 21. b4 exf4 22.
Qxf4 Ne5 23. bxc5 dxc5 24. Rab1 Bd6 25. Qf6 Kb8 0-1

[Event "GBR-ch blitz"]
[Site "Birmingham"]
[Date "2019.11.16"]
[Round "6"]
[White "Arkell, Keith C"]
[Black "Gormally, Daniel"]
[Result "1/2-1/2"]
[WhiteElo "2464"]
[BlackElo "2555"]
[PlyCount "56"]
[EventDate "2019.11.16"]
[EventType "tourn (blitz)"]
[EventRounds "15"]
[EventCountry "ENG"]
[EventCategory "5"]
[SourceTitle "BritBase"]
[Source "John Saunders"]
[SourceDate "2024.03.28"]
[SourceVersion "1"]
[SourceVersionDate "2024.03.28"]
[SourceQuality "1"]

1. d4 Nf6 2. Nf3 g6 3. c4 Bg7 4. g3 O-O 5. Bg2 d6 6. O-O c6 7. Nc3 Qa5 8. e4 e5
9. Re1 Nbd7 10. d5 cxd5 11. cxd5 b5 12. a3 b4 13. Na2 bxa3 14. Nc3 Nc5 15. Rxa3
Qb4 16. Qc2 Bd7 17. Bd2 Rfb8 18. Rea1 Nfxe4 19. Nxe4 Qxe4 20. Qxe4 Nxe4 21.
Rxa7 Rxa7 22. Rxa7 Nxd2 23. Nxd2 Rxb2 24. Rxd7 Rxd2 25. Rxd6 e4 26. Rd8+ Bf8
27. Bxe4 Kg7 28. d6 Rxd6 1/2-1/2

[Event "GBR-ch blitz"]
[Site "Birmingham"]
[Date "2019.11.16"]
[Round "6"]
[White "Beardsworth, Allan William"]
[Black "Sherwin, James T"]
[Result "1-0"]
[WhiteElo "2144"]
[BlackElo "2227"]
[PlyCount "137"]
[EventDate "2019.11.16"]
[EventType "tourn (blitz)"]
[EventRounds "15"]
[EventCountry "ENG"]
[EventCategory "5"]
[SourceTitle "BritBase"]
[Source "John Saunders"]
[SourceDate "2024.03.28"]
[SourceVersion "1"]
[SourceVersionDate "2024.03.28"]
[SourceQuality "1"]

1. e4 c5 2. Nf3 d6 3. Be2 Nf6 4. c3 Bd7 5. d3 Nc6 6. O-O e6 7. Nbd2 Be7 8. a3
O-O 9. b4 b6 10. Bb2 Rc8 11. Re1 Re8 12. d4 cxd4 13. cxd4 Bf8 14. Bd3 e5 15. d5
Nb8 16. Qe2 Qe7 17. Nc4 g6 18. Rac1 Nh5 19. g3 Bg4 20. Ne3 Bh3 21. Ng2 Bh6 22.
Rxc8 Rxc8 23. Kh1 Qf6 24. Ng1 Bd7 25. f3 Ba4 26. Ne3 Qd8 27. Ng4 Bg7 28. Rc1
Bd7 29. Qd2 Qe7 30. Ne2 Qd8 31. Kg2 Bxg4 32. fxg4 Nf6 33. h3 h6 34. Nc3 a6 35.
Nd1 b5 36. Qf2 Nbd7 37. Qa7 Rxc1 38. Bxc1 Qb6 39. Qxb6 Nxb6 40. Be3 Na4 41. Kf3
Nd7 42. Ke2 Bf8 43. Kd2 Kg7 44. Nc3 Nxc3 45. Kxc3 Be7 46. Kb3 Bg5 47. Bf2 Bd2
48. a4 bxa4+ 49. Kxa4 h5 50. gxh5 gxh5 51. Bxa6 Kf6 52. Be2 h4 53. gxh4 Ke7 54.
Kb5 Nf6 55. Bf3 Ne8 56. Kc6 Bxb4 57. h5 Nf6 58. Bh4 Bd2 59. Kc7 Ba5+ 60. Kc6
Bd2 61. Bg4 Bh6 62. Bf5 Bg7 63. Bg5 Kd8 64. h6 Bh8 65. Kxd6 Ke8 66. Kc7 Ng8 67.
d6 Nf6 68. Bxf6 Bxf6 69. d7+ 1-0

[Event "GBR-ch blitz"]
[Site "Birmingham"]
[Date "2019.11.16"]
[Round "6"]
[White "Camacho Collados, Jose"]
[Black "Ghasi, Ameet K"]
[Result "0-1"]
[WhiteElo "2390"]
[BlackElo "2582"]
[PlyCount "33"]
[EventDate "2019.11.16"]
[EventType "tourn (blitz)"]
[EventRounds "15"]
[EventCountry "ENG"]
[EventCategory "5"]
[SourceTitle "BritBase"]
[Source "John Saunders"]
[SourceDate "2024.03.28"]
[SourceVersion "1"]
[SourceVersionDate "2024.03.28"]
[SourceQuality "1"]

1. g3 g6 2. Bg2 Bg7 3. d4 Nf6 4. Nf3 O-O 5. O-O d5 6. c4 c6 7. cxd5 cxd5 8. Nc3
e6 9. Bf4 Nc6 10. Rc1 Bd7 11. Ne5 Rc8 12. h4 Nxe5 13. Bxe5 Bh6 14. e3 Bc6 15.
Qf3 Nd7 16. Bd6 Re8 17. Qf4 0-1

[Event "GBR-ch blitz"]
[Site "Birmingham"]
[Date "2019.11.16"]
[Round "6"]
[White "Haydon, David Leslie"]
[Black "Greet, Andrew N"]
[Result "1/2-1/2"]
[WhiteElo "2366"]
[BlackElo "2425"]
[PlyCount "76"]
[EventDate "2019.11.16"]
[EventType "tourn (blitz)"]
[EventRounds "15"]
[EventCountry "ENG"]
[EventCategory "5"]
[SourceTitle "BritBase"]
[Source "John Saunders"]
[SourceDate "2024.03.28"]
[SourceVersion "1"]
[SourceVersionDate "2024.03.28"]
[SourceQuality "1"]

1. Nf3 d5 2. g3 Nf6 3. Bg2 Bf5 4. c4 e6 5. d4 c6 6. cxd5 exd5 7. O-O Bd6 8. Nc3
O-O 9. Bf4 Bxf4 10. gxf4 Nbd7 11. Ne5 Nb6 12. e3 Nc8 13. Rc1 Nd6 14. Na4 Nfe4
15. Nc5 Nxc5 16. dxc5 Ne4 17. Qd4 Qh4 18. f3 Nf6 19. b4 Nd7 20. a4 a6 21. Rce1
Rae8 22. Rc1 Qf6 23. Nxd7 Qxd4 24. exd4 Bxd7 25. Rfe1 f6 26. Bf1 Kf7 27. Kf2
Bf5 28. Rxe8 Rxe8 29. Re1 Rxe1 30. Kxe1 Bc2 31. b5 Bxa4 32. bxa6 bxa6 33. Bxa6
Kg6 34. Kf2 Kf7 35. Bd3 g6 36. Ke3 Ke7 37. h4 f5 38. Kf2 Bb3 1/2-1/2

[Event "GBR-ch blitz"]
[Site "Birmingham"]
[Date "2019.11.16"]
[Round "6"]
[White "Rendle, Thomas"]
[Black "Pein, Jonathan"]
[Result "1/2-1/2"]
[WhiteElo "2461"]
[BlackElo "2208"]
[PlyCount "111"]
[EventDate "2019.11.16"]
[EventType "tourn (blitz)"]
[EventRounds "15"]
[EventCountry "ENG"]
[EventCategory "5"]
[SourceTitle "BritBase"]
[Source "John Saunders"]
[SourceDate "2024.03.28"]
[SourceVersion "1"]
[SourceVersionDate "2024.03.28"]
[SourceQuality "1"]

1. e4 d5 2. exd5 Qxd5 3. Nf3 Bg4 4. Be2 Nc6 5. O-O O-O-O 6. h3 Bh5 7. Nc3 Qd7
8. b4 Bxf3 9. Bxf3 Nd4 10. Ne4 e5 11. Nc5 Bxc5 12. bxc5 Nxf3+ 13. Qxf3 Qd5 14.
Qg4+ Kb8 15. Rb1 Nf6 16. Qb4 g5 17. d3 Rhg8 18. Re1 Nd7 19. Be3 f5 20. Qb5 Ka8
21. c4 Qc6 22. f3 Rg6 23. Bf2 a6 24. Qxc6 Rxc6 25. Re2 Nxc5 26. Rxe5 Nxd3 27.
Rd1 Rcd6 28. Rxf5 Nxf2 29. Rxd6 Nxh3+ 30. Kh2 Rxd6 31. Kxh3 h6 32. c5 Re6 33.
Rf7 Rc6 34. Rf5 Ka7 35. Kg4 a5 36. Kh5 a4 37. Rf7 Ka6 38. Rh7 Kb5 39. Rxh6 Rxc5
40. Rg6 Kb4 41. Rxg5 Rxg5+ 42. Kxg5 Ka3 43. f4 Kxa2 44. f5 Kb3 45. f6 a3 46. f7
a2 47. f8=Q a1=Q 48. Qf7+ Kb4 49. Qxc7 Qa5+ 50. Qxa5+ Kxa5 51. Kf4 b5 52. g4 b4
53. g5 b3 54. g6 b2 55. g7 b1=Q 56. g8=Q 1/2-1/2

[Event "GBR-ch blitz"]
[Site "Birmingham"]
[Date "2019.11.16"]
[Round "6"]
[White "Tan, Justin Hy"]
[Black "Turner, Matthew"]
[Result "1-0"]
[WhiteElo "2469"]
[BlackElo "2534"]
[PlyCount "73"]
[EventDate "2019.11.16"]
[EventType "tourn (blitz)"]
[EventRounds "15"]
[EventCountry "ENG"]
[EventCategory "5"]
[SourceTitle "BritBase"]
[Source "John Saunders"]
[SourceDate "2024.03.28"]
[SourceVersion "1"]
[SourceVersionDate "2024.03.28"]
[SourceQuality "1"]

1. e4 e5 2. Nf3 Nc6 3. Bb5 a6 4. Ba4 Nf6 5. O-O Be7 6. d3 b5 7. Bb3 d6 8. Bd2
O-O 9. h3 Be6 10. Nc3 h6 11. Nd5 Nd4 12. Nxd4 exd4 13. Nxe7+ Qxe7 14. f4 c5 15.
Bxe6 fxe6 16. Qf3 Rac8 17. a4 b4 18. b3 d5 19. Rae1 dxe4 20. dxe4 c4 21. e5 Nd5
22. Kh1 Qh4 23. Re4 cxb3 24. cxb3 Rc2 25. Rxd4 Qe7 26. Qd3 Qc5 27. f5 Rb2 28.
f6 Qc2 29. Qg3 Rf7 30. Rg4 g5 31. Bxg5 Kf8 32. Bxh6+ Ke8 33. Rg8+ Kd7 34. Rg7
Ke8 35. Rxf7 Kxf7 36. Qg7+ Ke8 37. f7+ 1-0

[Event "GBR-ch blitz"]
[Site "Birmingham"]
[Date "2019.11.16"]
[Round "6"]
[White "Willow, Jonah B"]
[Black "Rush, Stephen"]
[Result "1-0"]
[WhiteElo "2187"]
[BlackElo "2006"]
[PlyCount "106"]
[EventDate "2019.11.16"]
[EventType "tourn (blitz)"]
[EventRounds "15"]
[EventCountry "ENG"]
[EventCategory "5"]
[SourceTitle "BritBase"]
[Source "John Saunders"]
[SourceDate "2024.03.28"]
[SourceVersion "1"]
[SourceVersionDate "2024.03.28"]
[SourceQuality "1"]

1. e4 e6 2. d4 d5 3. Nd2 c5 4. Ngf3 cxd4 5. exd5 Qxd5 6. Bc4 Qd6 7. O-O Nf6 8.
Nb3 Nc6 9. Nbxd4 Nxd4 10. Nxd4 a6 11. Re1 Qc7 12. Bb3 Bd6 13. Nf5 Bxh2+ 14. Kh1
O-O 15. Nxg7 Rd8 16. Qf3 Kxg7 17. g3 b5 18. Kxh2 Bb7 19. Qf4 Qc6 20. Rg1 Rd1
21. f3 Rxg1 22. Kxg1 Qxf3 23. Qxf3 Bxf3 24. Bf4 Nd5 25. Be5+ f6 26. Bd4 Rd8 27.
Kf2 Be4 28. Re1 Bf5 29. c3 Kf7 30. Kf3 h5 31. Kf2 a5 32. Bd1 Bg4 33. Bc2 b4 34.
Be4 bxc3 35. bxc3 Ne7 36. Rb1 Rd7 37. Rb5 a4 38. Ra5 e5 39. Be3 Be6 40. Rxa4
Bd5 41. Bxd5+ Nxd5 42. c4 Nxe3 43. Kxe3 Rd4 44. Ra7+ Ke6 45. Rc7 Rd1 46. a4 Ra1
47. Ra7 Ra3+ 48. Kf2 Rc3 49. Rc7 Ra3 50. Ra7 Kf5 51. c5 Rc3 52. Rc7 Ra3 53. Rb7
Ke4 1-0

[Event "GBR-ch blitz"]
[Site "Birmingham"]
[Date "2019.11.16"]
[Round "7"]
[White "D'Costa, Lorin AR"]
[Black "Willow, Jonah B"]
[Result "0-1"]
[WhiteElo "2370"]
[BlackElo "2187"]
[PlyCount "158"]
[EventDate "2019.11.16"]
[EventType "tourn (blitz)"]
[EventRounds "15"]
[EventCountry "ENG"]
[EventCategory "5"]
[SourceTitle "BritBase"]
[Source "John Saunders"]
[SourceDate "2024.03.28"]
[SourceVersion "1"]
[SourceVersionDate "2024.03.28"]
[SourceQuality "1"]

1. d4 Nf6 2. Bf4 e6 3. e3 c5 4. Nf3 cxd4 5. exd4 b6 6. c3 Bb7 7. Nbd2 Be7 8. h3
O-O 9. Bd3 d6 10. Qe2 a6 11. O-O Nbd7 12. Bh2 Re8 13. Nc4 Qc7 14. a4 Bf8 15.
Ne3 e5 16. dxe5 dxe5 17. Bc4 Qc6 18. Rfd1 h6 19. Nh4 Nc5 20. Qc2 b5 21. axb5
axb5 22. Rxa8 Rxa8 23. Bf1 Re8 24. Nf3 Ncd7 25. Qb3 Ba6 26. Ne1 Nc5 27. Qc2 Bb7
28. Nf3 Ncd7 29. Qe2 Ba6 30. Ra1 Bd6 31. Nd2 Nc5 32. Qd1 Bc7 33. Qc2 e4 34. Nb3
Bxh2+ 35. Kxh2 Nd3 36. Kg1 Nf4 37. Nd4 Qc8 38. Nxb5 Bxb5 39. Bxb5 Re5 40. Bf1
Rg5 41. Kh1 Nd7 42. Qa4 Kh7 43. Qxe4+ Ng6 44. f4 Nf6 45. Qf3 Rc5 46. c4 Qc7 47.
b4 Rc6 48. Bd3 Rd6 49. Bc2 Rd4 50. Bxg6+ fxg6 51. Rf1 Ne4 52. Kg1 Nd2 53. Qd1
Qd8 54. Rf2 Ne4 55. Qf3 Nxf2 56. Qxf2 Rd2 57. Qf3 Qd4 58. Kh2 Rd3 59. Nc2 Qxc4
60. Qf2 Rc3 61. Ne1 Qxb4 62. g3 Rb3 63. Ng2 Rb2 64. Qf3 Qd2 65. h4 h5 66. Kh3
Qd7+ 67. Kh2 Rc2 68. Qe4 Qf5 69. Qf3 Ra2 70. Qc6 Qc2 71. Qf3 Ra1 72. g4 hxg4
73. Qxg4 Qf5 74. Qf3 Ra2 75. Kg3 Qc5 76. Kh2 Qf2 77. Qg4 Ra1 78. h5 Qg1+ 79.
Kg3 Ra3+ 0-1

[Event "GBR-ch blitz"]
[Site "Birmingham"]
[Date "2019.11.16"]
[Round "7"]
[White "Ghasi, Ameet K"]
[Black "Adair, James R"]
[Result "1/2-1/2"]
[WhiteElo "2582"]
[BlackElo "2484"]
[PlyCount "101"]
[EventDate "2019.11.16"]
[EventType "tourn (blitz)"]
[EventRounds "15"]
[EventCountry "ENG"]
[EventCategory "5"]
[SourceTitle "BritBase"]
[Source "John Saunders"]
[SourceDate "2024.03.28"]
[SourceVersion "1"]
[SourceVersionDate "2024.03.28"]
[SourceQuality "1"]

1. Nf3 c5 2. g3 g6 3. Bg2 Bg7 4. O-O Nc6 5. c4 e6 6. Nc3 Nge7 7. b3 O-O 8. Bb2
d5 9. Rc1 d4 10. Na4 b6 11. e3 e5 12. d3 Bd7 13. exd4 exd4 14. Re1 Re8 15. a3
a5 16. Rc2 Nc8 17. Rxe8+ Bxe8 18. Re2 Rb8 19. Bc1 N6e7 20. Bf4 Nd6 21. Qe1 Bf6
22. Ng5 Bxa4 23. Bxd6 Qxd6 24. Ne4 Qe6 25. Nxc5 Qd6 26. Ne4 Qe5 27. f4 Qe6 28.
bxa4 Nf5 29. Bh3 Be7 30. Ng5 Qf6 31. Ne4 Qc6 32. Bxf5 gxf5 33. Nd2 Bxa3 34. Qd1
Bb4 35. Nf1 Re8 36. Rxe8+ Qxe8 37. Kf2 Qc6 38. h3 Kg7 39. h4 Qe6 40. Qf3 Qd7
41. Qd1 Qc6 42. Qh5 Qxa4 43. Qg5+ Kf8 44. Qd8+ Kg7 45. Qg5+ Kf8 46. Qxf5 Qc2+
47. Kf3 Qd1+ 48. Kg2 Qe2+ 49. Kg1 Be1 50. Nh2 Bxg3 51. Ng4 1/2-1/2

[Event "GBR-ch blitz"]
[Site "Birmingham"]
[Date "2019.11.16"]
[Round "7"]
[White "Gormally, Daniel"]
[Black "Tan, Justin Hy"]
[Result "1-0"]
[WhiteElo "2555"]
[BlackElo "2469"]
[PlyCount "105"]
[EventDate "2019.11.16"]
[EventType "tourn (blitz)"]
[EventRounds "15"]
[EventCountry "ENG"]
[EventCategory "5"]
[SourceTitle "BritBase"]
[Source "John Saunders"]
[SourceDate "2024.03.28"]
[SourceVersion "1"]
[SourceVersionDate "2024.03.28"]
[SourceQuality "1"]

1. d4 Nf6 2. Nf3 d5 3. c4 e6 4. g3 Be7 5. Bg2 O-O 6. O-O dxc4 7. Nc3 Nbd7 8. e4
c6 9. a4 a5 10. Qe2 Nb6 11. Rd1 Bb4 12. Ne5 Qe7 13. Nxc4 Nxc4 14. Qxc4 e5 15.
dxe5 Qxe5 16. Bf4 Qe7 17. e5 Ng4 18. Qe2 g5 19. Bc1 Nxe5 20. Ne4 g4 21. Bh6 Re8
22. Bg5 Nf3+ 23. Qxf3 gxf3 24. Bxe7 Rxe7 25. Bxf3 Be6 26. Nf6+ Kg7 27. Nh5+ Kf8
28. Nf4 Bb3 29. Rd3 Bc2 30. Rd4 Rae8 31. Kg2 Re1 32. Rxe1 Rxe1 33. Nd3 Bxd3 34.
Rxd3 Ke7 35. Rd4 Rb1 36. Re4+ Kf6 37. Re2 Ra1 38. Be4 h6 39. Bc2 Bc5 40. h4 Bd4
41. b3 b5 42. axb5 cxb5 43. Rd2 Bc3 44. Rd5 Ra2 45. Bd3 b4 46. Rf5+ Kg7 47. Bc4
f6 48. Rd5 a4 49. bxa4 Rxa4 50. Rd7+ Kf8 51. Rf7+ Ke8 52. Rh7 Bd4 53. Bb5+ 1-0

[Event "GBR-ch blitz"]
[Site "Birmingham"]
[Date "2019.11.16"]
[Round "7"]
[White "Pein, Jonathan"]
[Black "Haydon, David Leslie"]
[Result "0-1"]
[WhiteElo "2208"]
[BlackElo "2366"]
[PlyCount "84"]
[EventDate "2019.11.16"]
[EventType "tourn (blitz)"]
[EventRounds "15"]
[EventCountry "ENG"]
[EventCategory "5"]
[SourceTitle "BritBase"]
[Source "John Saunders"]
[SourceDate "2024.03.28"]
[SourceVersion "1"]
[SourceVersionDate "2024.03.28"]
[SourceQuality "1"]

1. b3 d5 2. Bb2 Nf6 3. e3 c5 4. Nf3 Nc6 5. Bb5 Bd7 6. c4 dxc4 7. Bxc4 e6 8. O-O
Be7 9. d4 cxd4 10. Nxd4 O-O 11. Nc3 a6 12. Rc1 Rc8 13. Be2 Nxd4 14. Qxd4 Bc6
15. Qf4 Bd6 16. Qh4 Qe7 17. Bd3 Rfd8 18. Bb1 h6 19. Rfd1 Ba3 20. Bxa3 Qxa3 21.
Ne2 Rxd1+ 22. Rxd1 Qb2 23. Ng3 Qe5 24. h3 Bd5 25. Bd3 Rc3 26. Ne2 Rc7 27. Qf4
Qxf4 28. Nxf4 g5 29. Nxd5 Nxd5 30. g3 Kg7 31. Kg2 Rd7 32. Be2 Re7 33. Bf3 Nb4
34. a3 Nc2 35. a4 a5 36. Rd2 Ne1+ 37. Kf1 Nxf3 38. Rd6 Rc7 39. Ke2 Ng1+ 40. Kf1
Nxh3 41. Kg2 g4 42. Rd4 h5 0-1

[Event "GBR-ch blitz"]
[Site "Birmingham"]
[Date "2019.11.16"]
[Round "7"]
[White "Rush, Stephen"]
[Black "Arkell, Keith C"]
[Result "0-1"]
[WhiteElo "2006"]
[BlackElo "2464"]
[PlyCount "50"]
[EventDate "2019.11.16"]
[EventType "tourn (blitz)"]
[EventRounds "15"]
[EventCountry "ENG"]
[EventCategory "5"]
[SourceTitle "BritBase"]
[Source "John Saunders"]
[SourceDate "2024.03.28"]
[SourceVersion "1"]
[SourceVersionDate "2024.03.28"]
[SourceQuality "1"]

1. d4 e6 2. c4 Bb4+ 3. Nc3 c5 4. d5 Bxc3+ 5. bxc3 f5 6. Qc2 Nf6 7. f3 O-O 8. e4
fxe4 9. fxe4 exd5 10. cxd5 Nxe4 11. Nf3 d6 12. Bd3 Rxf3 13. gxf3 Qh4+ 14. Kf1
Ng3+ 15. hxg3 Qxh1+ 16. Ke2 Qg2+ 17. Ke3 Qxg3 18. Bxh7+ Kh8 19. Be4 Nd7 20. Bd2
Nf6 21. Rh1+ Kg8 22. c4 Ng4+ 23. Ke2 Qg2+ 24. Kd3 Ne5+ 25. Kc3 Qxh1 0-1

[Event "GBR-ch blitz"]
[Site "Birmingham"]
[Date "2019.11.16"]
[Round "7"]
[White "Sherwin, James T"]
[Black "Camacho Collados, Jose"]
[Result "0-1"]
[WhiteElo "2227"]
[BlackElo "2390"]
[PlyCount "63"]
[EventDate "2019.11.16"]
[EventType "tourn (blitz)"]
[EventRounds "15"]
[EventCountry "ENG"]
[EventCategory "5"]
[SourceTitle "BritBase"]
[Source "John Saunders"]
[SourceDate "2024.03.28"]
[SourceVersion "1"]
[SourceVersionDate "2024.03.28"]
[SourceQuality "1"]

1. d4 Nf6 2. Nf3 b6 3. g3 Bb7 4. Bg2 g6 5. c4 Bg7 6. Nc3 O-O 7. O-O Ne4 8. Bd2
Nxd2 9. Qxd2 e6 10. e4 d6 11. Rfe1 Nd7 12. Rad1 a6 13. e5 Qc8 14. Qf4 h6 15. h4
Rd8 16. Ne4 dxe5 17. dxe5 Bxe4 18. Qxe4 Nc5 19. Qe2 Rxd1 20. Rxd1 Qe8 21. h5 g5
22. Nd4 Rd8 23. f4 gxf4 24. gxf4 Qe7 25. Nf3 Rxd1+ 26. Qxd1 Ne4 27. Qe2 Ng3 28.
Qe3 Nxh5 29. Kh2 Qc5 30. Qe4 Qf2 31. Qa8+ Bf8 32. Qd8 0-1

[Event "GBR-ch blitz"]
[Site "Birmingham"]
[Date "2019.11.16"]
[Round "7"]
[White "Turner, Matthew"]
[Black "Rendle, Thomas"]
[Result "1-0"]
[WhiteElo "2534"]
[BlackElo "2461"]
[PlyCount "59"]
[EventDate "2019.11.16"]
[EventType "tourn (blitz)"]
[EventRounds "15"]
[EventCountry "ENG"]
[EventCategory "5"]
[SourceTitle "BritBase"]
[Source "John Saunders"]
[SourceDate "2024.03.28"]
[SourceVersion "1"]
[SourceVersionDate "2024.03.28"]
[SourceQuality "1"]

1. Nc3 e6 2. d4 d5 3. Bf4 Nf6 4. e3 Bd6 5. Bd3 O-O 6. Nge2 c5 7. dxc5 Bxc5 8.
O-O Nc6 9. Bg5 Be7 10. Ng3 h6 11. Bxf6 Bxf6 12. e4 Bxc3 13. bxc3 Qf6 14. Qd2
Rd8 15. Rae1 b6 16. e5 Qh4 17. f4 Ne7 18. Ne2 d4 19. Nxd4 Bb7 20. Re3 Nd5 21.
Rh3 Qe7 22. f5 exf5 23. Nxf5 Qxe5 24. Nxh6+ gxh6 25. Qxh6 Rd7 26. Bh7+ Kh8 27.
Bg6+ Kg8 28. Qh7+ Kf8 29. Rxf7+ Ke8 30. Qg8# 1-0

[Event "GBR-ch blitz"]
[Site "Birmingham"]
[Date "2019.11.16"]
[Round "8"]
[White "Adair, James R"]
[Black "Sherwin, James T"]
[Result "1-0"]
[WhiteElo "2484"]
[BlackElo "2227"]
[PlyCount "53"]
[EventDate "2019.11.16"]
[EventType "tourn (blitz)"]
[EventRounds "15"]
[EventCountry "ENG"]
[EventCategory "5"]
[SourceTitle "BritBase"]
[Source "John Saunders"]
[SourceDate "2024.03.28"]
[SourceVersion "1"]
[SourceVersionDate "2024.03.28"]
[SourceQuality "1"]

1. e4 Nc6 2. d4 e5 3. dxe5 Nxe5 4. Nf3 Qf6 5. Nc3 Bb4 6. Bd2 c6 7. a3 Nxf3+ 8.
gxf3 Bd6 9. h4 h6 10. Bg5 Qe6 11. Bh3 Qc4 12. Qxd6 hxg5 13. hxg5 Qe6 14. Bxe6
Rxh1+ 15. Kd2 Rxa1 16. Bb3 Ne7 17. Qh2 Ng6 18. f4 d5 19. f5 Nf8 20. Qh8 Bd7 21.
Qxg7 O-O-O 22. Qxf7 dxe4 23. Ke2 Rg1 24. g6 Nxg6 25. fxg6 Bg4+ 26. Ke3 Re1+ 27.
Kf4 1-0

[Event "GBR-ch blitz"]
[Site "Birmingham"]
[Date "2019.11.16"]
[Round "8"]
[White "Beardsworth, Allan William"]
[Black "Pein, Jonathan"]
[Result "1-0"]
[WhiteElo "2144"]
[BlackElo "2208"]
[PlyCount "109"]
[EventDate "2019.11.16"]
[EventType "tourn (blitz)"]
[EventRounds "15"]
[EventCountry "ENG"]
[EventCategory "5"]
[SourceTitle "BritBase"]
[Source "John Saunders"]
[SourceDate "2024.03.28"]
[SourceVersion "1"]
[SourceVersionDate "2024.03.28"]
[SourceQuality "1"]

1. e4 d5 2. exd5 Qxd5 3. Nc3 Qa5 4. g3 h5 5. Bg2 h4 6. gxh4 Nf6 7. d3 c6 8. Bg5
Bg4 9. Qd2 Nbd7 10. h3 Bf5 11. Nge2 e5 12. O-O-O Bb4 13. Kb1 Nd5 14. Bxd5 cxd5
15. a3 Bd6 16. d4 e4 17. Nxe4 Qxd2 18. Nxd6+ Kf8 19. Rxd2 Bg6 20. Nf4 Be4 21.
Nxe4 dxe4 22. Nd5 f6 23. Be3 Rxh4 24. Nf4 Kf7 25. Ng2 Rhh8 26. h4 Nb6 27. b3
Nd5 28. Kb2 b5 29. Nf4 Nb6 30. h5 a5 31. d5 Nd7 32. Bd4 Rad8 33. Re2 Rhe8 34.
Rg1 Nb8 35. Bb6 Rd7 36. Bxa5 Na6 37. Bb6 Re5 38. Rd1 Rf5 39. Be3 Nc7 40. c4
bxc4 41. bxc4 Ne8 42. Kc3 Nd6 43. Rb2 Rc7 44. c5 Ne8 45. Kd4 Ra7 46. Ra1 Nc7
47. a4 Re5 48. Rb4 Na6 49. Rb5 Nc7 50. Rb4 Na6 51. Rc4 Nb8 52. c6 Rc7 53. Rb1
Rc8 54. Rb7+ Kg8 55. Ng6 1-0

[Event "GBR-ch blitz"]
[Site "Birmingham"]
[Date "2019.11.16"]
[Round "8"]
[White "Camacho Collados, Jose"]
[Black "Greet, Andrew N"]
[Result "1/2-1/2"]
[WhiteElo "2390"]
[BlackElo "2425"]
[PlyCount "114"]
[EventDate "2019.11.16"]
[EventType "tourn (blitz)"]
[EventRounds "15"]
[EventCountry "ENG"]
[EventCategory "5"]
[SourceTitle "BritBase"]
[Source "John Saunders"]
[SourceDate "2024.03.28"]
[SourceVersion "1"]
[SourceVersionDate "2024.03.28"]
[SourceQuality "1"]

1. Nf3 d5 2. g3 Nd7 3. d4 e6 4. Bg2 b5 5. O-O Ngf6 6. Nbd2 Bb7 7. b3 c5 8. Bb2
c4 9. e4 Nb6 10. a4 Nxe4 11. Nxe4 dxe4 12. Nd2 cxb3 13. axb5 bxc2 14. Qxc2 Rc8
15. Qd1 Nc4 16. Nxc4 Rxc4 17. Qe2 Rc7 18. Rxa7 Qd5 19. b6 Rd7 20. Rc1 Bd6 21.
Bxe4 Qxe4 22. Qxe4 Bxe4 23. Rc8+ Rd8 24. b7 O-O 25. Raa8 Bxb7 26. Rxd8 Bxa8 27.
Rxd6 Rb8 28. Kf1 h5 29. Bc3 Bf3 30. Ke1 Rb1+ 31. Kd2 Rd1+ 32. Ke3 Bd5 33. Rd8+
Kh7 34. Rd7 Kg6 35. h4 Bc4 36. Bd2 Rb1 37. f3 Rb3+ 38. Kf2 Bd5 39. Be3 Rb2+ 40.
Ke1 Bxf3 41. Bf4 Bd5 42. Be5 f6 43. Bf4 Rb4 44. Bd6 Rxd4 45. Bf8 Kf5 46. Bxg7
Rg4 47. Kf2 e5 48. Rxd5 Rxg7 49. Rd8 Ra7 50. Rh8 Ke4 51. Rxh5 Ra2+ 52. Kf1 f5
53. Rg5 f4 54. gxf4 exf4 55. Rg2 Ra1+ 56. Kf2 Ra2+ 57. Kf1 Ra1+ 1/2-1/2

[Event "GBR-ch blitz"]
[Site "Birmingham"]
[Date "2019.11.16"]
[Round "8"]
[White "D'Costa, Lorin AR"]
[Black "Ghasi, Ameet K"]
[Result "0-1"]
[WhiteElo "2370"]
[BlackElo "2582"]
[PlyCount "57"]
[EventDate "2019.11.16"]
[EventType "tourn (blitz)"]
[EventRounds "15"]
[EventCountry "ENG"]
[EventCategory "5"]
[SourceTitle "BritBase"]
[Source "John Saunders"]
[SourceDate "2024.03.28"]
[SourceVersion "1"]
[SourceVersionDate "2024.03.28"]
[SourceQuality "1"]

1. d4 Nf6 2. Bf4 g6 3. e3 Bg7 4. Nf3 O-O 5. h3 d6 6. c3 Nc6 7. Bh2 Nd7 8. Nbd2
e5 9. Be2 Qe7 10. Qc2 f5 11. dxe5 dxe5 12. Nc4 Nb6 13. a4 Nxc4 14. Bxc4+ Kh8
15. Bb5 e4 16. Nd4 Ne5 17. b4 c5 18. bxc5 Qxc5 19. O-O a6 20. Be2 Bd7 21. Rfb1
Rab8 22. Qb3 Rfe8 23. Qb4 Qc7 24. a5 Bf8 25. Qb3 Bd6 26. Bxe5+ Rxe5 27. Qb6
Qxb6 28. Rxb6 Bc7 29. Rb3 0-1